[Event "EU-Cup 27th"]
[Site "Rogaska Slatina"]
[Date "2011.09.28"]
[Round "4"]
[White "Tomashevsky, Evgeny"]
[Black "Ponomariov, Ruslan"]
[Result "1-0"]
[WhiteElo "2710"]
[BlackElo "2758"]
[Annotator "Mikhalchishin,A"]
[PlyCount "61"]
[EventDate "2011.09.25"]
[EventType "team-swiss"]
[EventRounds "7"]
[EventCountry "SLO"]
[SourceTitle "CBM 145"]
[Source "ChessBase"]
[SourceDate "2011.11.11"]
[SourceVersion "1"]
[SourceVersionDate "2011.11.11"]
[SourceQuality "1"]
[WhiteTeam "Saratov Ekonomist"]
[BlackTeam "Tomsk 400"]
[WhiteTeamCountry "RUS"]
[BlackTeamCountry "RUS"]

1. d4 Nf6 2. c4 g6 3. Nc3 Bg7 4. e4 d6 5. f3 O-O 6. Be3 c5 7. Nge2 Nc6 8. d5 (
8. Qd2 $5 Nd7 $146 9. d5 Na5 $6 10. Ng3 Qb6 11. b3 $1 a6 12. Rc1 $16 {
Mikhalchishin-Basagic, Bled , 2002; >= 9...Ne5 10.Ng3 a6 /\ 11...b5 <=>}) 8...
Ne5 9. Ng3 {The favourite variation of the former European Champion against
the King's Indian.} h5 ({It is possible to attack the centre immediately by} 
9... e6 10. Be2 exd5 (10... a6 11. f4 $1 (11. O-O exd5 12. cxd5 b5 13. a4 b4
14. Nb1 c4 $13) 11... Neg4 12. Bxg4 (12. Bd2 $5) 12... Nxg4 13. Qxg4 exd5 14.
Qf3 (14. f5 h5 $1 15. Qf3 d4 16. O-O dxe3 17. Kh1 $44) 14... d4 15. Bd2 (15.
Bxd4 $5 cxd4 16. Nd5 b5 17. cxb5 axb5 18. O-O $14) (15. Nd5 $5 dxe3 16. O-O
Bxb2 17. Rab1 Bd4 18. Kh1 b5 19. f5 $44) 15... dxc3 16. Bxc3 b5 (16... f5 17.
O-O fxe4 18. Nxe4 Bxc3 19. Qxc3 Bf5 20. Rae1 $14) 17. O-O $5 (17. O-O-O $5 Be6
18. e5 Bxc4 19. Rxd6 Qc7 20. b3 Be6 21. Rhd1 $16) (17. b3 $5) 17... bxc4 (17...
Be6 18. b3 bxc4 19. f5 $16) 18. Rad1 $1 Rb8 (18... Bb7 19. Bxg7 Kxg7 20. Qc3+
f6 21. Qxc4 $16) 19. e5 $16 Bb7 (19... Rb6 $2 20. Ba5 $18) 20. Qf2 (20. Ne4 $2
Qe8 $1 21. Rxd6 f5 $1) 20... d5 21. Qxc5 (21. Ne4 dxe4 $5 22. Rxd8 Rfxd8 23.
Qxc5 Rbc8 24. Qf2 Bf8 $44) 21... Qc8 $1 22. Qe3 (22. Qf2 $6 f6 $1 $132) 22...
Qc6 23. Rd2 (23. Bd4 $5) 23... Rfe8 24. Ne2 $2 (24. f5 $1 Bxe5 25. Bxe5 f6 26.
fxg6 hxg6 27. Qh6 fxe5 28. Nh5 $1 gxh5 29. Qg5+ Kh8 30. Rf7 $40) 24... f6 $1
25. Nd4 Qb6 26. e6 f5 27. Nxf5 (27. Re1 $2 Bc8 $1 $17) 27... Qxe3+ 28. Nxe3
Bxc3 29. bxc3 Rxe6 30. Nxd5 Bxd5 31. Rxd5 Rb2 32. Rg5 {1/2
Mikhalchishin-Bologan/Bled (ol) 2002}) 11. cxd5 h5 ({Some players like to
include typical moves on the queenside:} 11... a6 12. a4 Bd7 (12... h5 13. O-O
Nh7 14. Qd2 h4 15. Nh1 f5 16. Nf2 Bd7 17. exf5 gxf5 18. Nh3 Ng6 19. Nf4 Nxf4 (
19... Re8 20. Ne6 Bxe6 21. dxe6 Nhf8 22. Bc4 Nxe6 23. Rad1 $14) 20. Bxf4 Qf6
21. Kh1 Rae8 $146 (21... Rfe8) 22. a5 Rf7 23. Bc4 Rfe7 24. Rac1 Kh8 25. b3 Qg6
26. Rce1 $14 {Tomashevsky,E (2664)-Khairullin,I (2574)/Moscow 2009}) 13. h3 b5
14. f4 Nc4 15. Bxc4 bxc4 16. O-O Rb8 17. e5 (17. Rf2) (17. Qe2) 17... Ne8 18.
Qd2 Qc8 $5 $146 (18... dxe5) 19. Rae1 $5 dxe5 20. fxe5 Bxe5 21. Nge4 f5 22.
Nxc5 (22. Bxc5 Nd6 23. Bxd6 Bxd6 24. Nxd6 Qc5+ 25. Rf2 Qxd6 $13) 22... Rf7 $6 (
22... Bd6 23. Ne6 $14 Bxe6 $140 24. dxe6 Qc6 25. Bh6 Ng7 26. Nd5 $16) 23. Bf2
$1 Bd6 24. Ne6 $14 {1/2 Tomashevsky,E (2646)-Inarkiev,E (2669)/Russia (ch) 2008
}) 12. O-O Nh7 13. Qd2 h4 14. Nh1 f5 15. Nf2 Bd7 16. a4 (16. Rad1 $6 Re8 17. b4
$5 b6 $13 {Khenkin-Efimenko, Germany, 2002; >= 16.exf5 Bxf5 (16...gxf5 17.Nh3+/
-) 17.Nfe4+/=, Mikhalchishin}) 16... Qf6 17. exf5 gxf5 18. Nh3 Ng6 19. f4 a6
20. Bf2 Rae8 21. Kh1 Rf7 22. a5 Rfe7 23. Bh5 Nhf8 24. Rg1 Bh6 25. g3 {1-0
Tomashevsky,E (2701)-Khairullin,I (2617)/Rijeka 2010. The opening of the
g-file fixes White's advantage.}) 10. Be2 h4 11. Nf1 e6 12. f4 Neg4 13. Bxg4 ({
White should not lose time:} 13. Bg1 exd5 14. cxd5 b5 15. h3 b4 16. Na4 Nh6 17.
e5 dxe5 18. fxe5 Nxd5 19. Bf3 Bb7 20. Nxc5 Bc6 21. Qd2 Nf5 22. Be4 Qe7 23. Bxf5
Qxe5+ 24. Be4 f5 {0-1 Gunina,V (2295)-Girya,O (2342)/St Petersburg, 2008})
13... Nxg4 14. Qxg4 exd5 {A typical piece sacrifice, which seems to guarantee
Black excellent counterplay.} 15. f5 d4 16. Nd5 ({White is forced to go
forward as the retreat just leaves him with pawn weaknesses.} 16. Bd2 dxc3 17.
Bxc3 Bxc3+ 18. bxc3 Re8) 16... dxe3 17. Nfxe3 ({Immediate castling appears to
be more dynamic:} 17. O-O-O e2 18. Qxe2 Re8 19. fxg6 fxg6 20. Qd3 b5 21. Nfe3
Rb8 22. cxb5 Bd7 23. a4 a6 {1-0 Hovmoller,K (2287)-Szabo,G (2376)/Hallsberg ,
2003/. With very unclear play, in which the bishop pair can certainly have its
word to say.}) 17... Bxb2 18. O-O $3 {An exchange sacrifice (plus pawn) for a
complete blockade of the centre, executed by the white knights.} Bxa1 ({
Ponomariov adopts the principled line, but other players would try to keep
control over the black squares:} 18... Bd4 19. Rad1 Bd7 20. Rf3 $13) 19. Rxa1
Kg7 20. Rf1 $1 ({The materialistic way would be illogical:} 20. f6+ Qxf6 21.
Nxf6 Bxg4 22. Nexg4 a6 23. Rf1 b5 {trying to open space for the black rooks.})
20... Rh8 21. Qf4 g5 {Black is forced to close the king's flank, as opening it
would be too dangerous.} (21... gxf5 22. exf5 Kf8 23. Re1) 22. Qf3 ({It was
possible to develop the attack differently, as most of the black pieces are
not participating in the defence:} 22. f6+ Kh6 23. Qf3 Be6 24. Ng4+ Kh7 25. Ne7
a5 26. Ne3 Kh6 27. N3f5+ {but the black pieces are so pressured with the lack
of space, that Tomashevsky can improve his position in a more relaxed way!})
22... f6 23. Ng4 Rf8 24. Qe3 Bd7 {There now follows a combinational attack
according to the recommendations of the great Capablanca - improve your pieces
maximally and you'll find a lot of tactical motifs!} 25. Ndxf6 $1 Rxf6 26.
Qxg5+ Kf7 27. e5 $1 dxe5 28. Rd1 Rxf5 29. Nh6+ Kf8 30. Qg8+ Ke7 31. Qh7+ {
A fantastic achievment by the former European Champion!} 1-0

[Event "RUS-chT 20th"]
[Site "Loo"]
[Date "2013.04.12"]
[Round "6"]
[White "Caruana, Fabiano"]
[Black "Svidler, Peter"]
[Result "0-1"]
[WhiteElo "2772"]
[BlackElo "2747"]
[Annotator "Martin,A"]
[PlyCount "82"]
[EventDate "2013.04.07"]
[EventType "team-swiss"]
[EventRounds "7"]
[EventCountry "RUS"]
[SourceTitle "EXT 2016"]
[Source "ChessBase"]
[SourceDate "2015.10.08"]
[SourceVersion "1"]
[SourceVersionDate "2015.10.08"]
[SourceQuality "1"]
[WhiteTeam "Moscow ShSM Our Hopes"]
[BlackTeam "Sankt Petersburg Chess Fed"]
[WhiteTeamCountry "RUS"]
[BlackTeamCountry "RUS"]

{Our first game this month features an exciting King's Indian, where Svidler
shows respect to Robert Byrne by employing one of his opening systems.} 1. d4
Nf6 2. c4 g6 3. f3 Bg7 4. e4 d6 5. Nc3 O-O 6. Nge2 {6.Be3 is no longer
automatic here, as White players try to find a way around lines with a quick ..
.c7-c5.} a6 ({I guess the idea is that} 6... c5 7. d5 {gives White options
based on Bg5. In our game Caruana takes this opportunity immediately.}) 7. Bg5
c6 8. Qd2 b5 {This method of counterplay gains in strength when c4 is
unprotected. Good timing by Svidler.} 9. h4 h5 10. O-O-O (10. e5 {whilst the d
file can be opened, looks premature. Black acheived good prospects in the
following recent game:} dxe5 11. dxe5 Qxd2+ 12. Bxd2 Nfd7 13. f4 f6 (13... Nc5
14. Ng3 Bg4 {also looks perfectly OK}) 14. exf6 Nxf6 15. Ng3 e5 $1 16. fxe5 Ng4
17. Nce4 {Harikrishna,P (2684)-Wen,Y (2569)/Biel 2012, after which} Bxe5 $1 {
leads to a position which can only be a bit better for Black} 18. Bb4 (18.
O-O-O $2 Bxg3 19. Nxg3 Nf2) 18... Re8 19. O-O-O Bf4+ $2 20. Kb1 Bxg3 21. Nxg3
Nf2) 10... Nbd7 11. g4 $5 {Really going for it, but White has burned his
bridges already by playing h4 and then castling long.} (11. e5 {looks a bit
more dangerous now, but Black can lie on the ropes with} Nh7 $1 {and soak up
the pressure:} 12. Bh6 Nb6 13. Bxg7 Kxg7 14. Nf4 {Psakhis,L (2625)-Gentilleau,
J (2220)/Andorra 1995 and now} bxc4 $1 {would have been best, with plenty of
counterplay.}) 11... b4 12. Na4 hxg4 13. Ng3 ({If he moved on with} 13. h5 {
we might have seen an extraordinary sequence:} Nxh5 $5 14. fxg4 Nhf6 15. Bh6
Nxg4 16. Bxg7 Kxg7 17. Qf4 Rh8 18. Rxh8 Qxh8 19. Qxg4 Nc5 20. Qg5 Nxa4 21. Qa5
Qh6+ 22. Kb1 Qe3 23. Qxa4 Bg4 {White's queen has enjoyed a world tour, but I
prefer Black in this final position.}) 13... Nh7 14. Bh6 gxf3 $1 (14... Qa5 {
was a serious alternative, but Svidler cannot see a reason why he should not
capture on f3.}) 15. Bxg7 Kxg7 16. h5 g5 $1 {Absolutely necessary, to block
lines.} 17. Qxb4 Ndf6 (17... Rb8 $1 18. h6+ Kh8 19. Qd2 g4) 18. Rd3 g4 {
To the end White will be labouring to get rid of the advanced Black pawns.
This is classic King's Indian play by Svidler, who first drains all the life
out of White's attack and then completely takes over the position. Caruana is
already struggling to find a way to revive his initiative.} 19. Rg1 $2 (19. e5
$1 {was the best try, initiating complications and keeping Black's advantage
to a minimum:} Nd7 20. exd6 Rb8 21. dxe7 (21. Nf5+ Kh8 22. Qd2 exd6 23. Nxd6
Nb6 24. Nxb6 Qxd6 25. c5 Qf6 $15) (21. Qd2 exd6 22. Nf5+ Kh8 23. Nxd6 Qg5 $1
24. c5 Ndf6 $17) 21... Rxb4 22. exd8=Q Rxd8 $15) 19... Qc7 20. Qd2 Kh8 21. c5
Rb8 22. b3 Rg8 23. Rc3 e5 $1 {Undermining what is left of the White centre.
What becomes clear is that the white king is by far the more vulnerable of the
two.} 24. dxe5 dxe5 25. Qe3 a5 26. Nb6 Be6 27. Nc4 ({After} 27. Bc4 Rbd8 $1 {
Black can comfortably allow his pawns to be doubled, as the d5-square is then
covered and he can occupy d4.} 28. Bxe6 fxe6 29. Nc4 a4 30. bxa4 Rd4) 27... a4
{Another excellent move, opening lines.} 28. bxa4 Rb4 29. Nb6 Qa7 30. a5 Rd8
31. a6 Bxa2 ({I think I prefer} 31... Rbd4 $1 32. Bd3 Nd7 33. Nxd7 Qxd7 {
with total control, although as Black wins quickly one can hardly be critical.}
) 32. Bd3 Bb3 33. Nf5 Be6 34. Kc2 $2 {After this, White is swept away.} (34.
Ra3 {put up sterner resistance, but even there} Bxf5 35. exf5 Rbd4 36. Bc2 e4 {
looks completely winning for Black.}) 34... Bxf5 35. exf5 e4 36. Bc4 Rxc4 37.
Rxc4 Qxa6 38. Qb3 Qa5 39. Rc3 f2 40. Rb1 e3 41. Nc4 e2 {A very picturesque
final position. Touchdown!} 0-1

[Event "Tata Steel-A 79th"]
[Site "Wijk aan Zee"]
[Date "2017.01.19"]
[Round "5"]
[White "Wojtaszek, Radoslaw"]
[Black "Van Wely, Loek"]
[Result "1-0"]
[WhiteElo "2750"]
[BlackElo "2695"]
[Annotator "Pavlovic,M"]
[PlyCount "91"]
[EventDate "2017.01.14"]
[EventType "tourn"]
[EventRounds "13"]
[EventCountry "NED"]
[EventCategory "21"]
[SourceTitle "CBM 177"]
[Source "ChessBase"]
[SourceDate "2017.03.16"]
[SourceVersion "1"]
[SourceVersionDate "2017.03.16"]
[SourceQuality "1"]

1. d4 Nf6 2. c4 g6 3. f3 Bg7 4. e4 d6 5. Ne2 O-O 6. Nbc3 c6 7. Be3 Nbd7 8. Qd2
a6 {An elastic approach.} 9. c5 $5 (9. g4 e5 (9... b5 10. Ng3) 10. d5 cxd5 11.
cxd5 h5 12. g5 {transposes to another well known line of the Sämisch System.})
9... b5 10. cxb6 Nxb6 11. Nf4 {A positional idea that has not been used much.}
a5 12. Be2 Nfd7 (12... d5 13. e5 Ne8 14. h4 Nc7 15. h5 Ba6 16. b3 a4 17. Rc1
axb3 18. axb3 Bxe2 19. Ncxe2 Ra6 20. Nd3 $16 {1-0 (38) Stopa,J (2455)
-Chojnacki,K (2369) Poronin 2016}) 13. O-O Ba6 14. Bxa6 Rxa6 15. Qe2 Qa8 16.
Rac1 (16. Rfd1 Rb8 17. Rac1 a4 18. Rc2 Ra5 19. Nb1 d5 20. e5 $1 $14 (20. Na3 e5
21. dxe5 Bxe5 22. exd5 cxd5 23. Nd3 Bg7 24. Qf2 $13 {1-0 (63) Sriram,J (2400)
-Lubbe,M (2320) Lueneburg 2015})) 16... Rb8 17. Rc2 a4 18. Bf2 Ra5 19. Nd3 e6 (
{There was the much better} 19... Nf8 $1 20. Kh1 (20. Rd1 Ne6 $132) (20. d5 c5
21. Bh4 Qb7 22. Nf2 Re8 $13) 20... Ne6 21. d5 cxd5 22. Bxb6 Rxb6 23. Nxd5 Rxd5
24. exd5 Nd4 25. Qf2 Nxc2 26. Qxb6 Qxd5 {Black has nice compensation.}) 20. Nb1
c5 $2 {The wrong plan.} (20... Qb7 21. Rfc1 Rc8 22. Nd2 $14 {White has some
slight pressure but the game is still on.}) 21. dxc5 Nxc5 $6 (21... dxc5 $1 22.
Na3 c4 $1 {active chess!} 23. Nxc4 Nxc4 24. Rxc4 Ne5 $1 25. Nxe5 Bxe5 26. Rb1
Rab5 27. Rc8+ Rxc8 28. Qxb5 Bf6 {Black has compensation, it is not easy for
White to progress from here.}) 22. Nxc5 dxc5 23. Rd1 Qc6 24. Qd2 Rba8 25. Na3
$16 h5 $6 (25... Bf8 $5 {White has better play but is far from easy to make a
breakthrough.}) 26. Qd6 $1 Rc8 27. Qxc6 Rxc6 28. Rd8+ Kh7 29. Rb8 Ra7 30. Rxc5
Rd6 31. Rc1 Rad7 32. Rf1 Bxb2 33. Nb5 Nc4 $2 (33... Rc6 34. Rxb6 (34. Bxb6 Be5
$1 35. Rd8 Rb7 36. Bd4 Rxb5 37. Bxe5 Rxe5 $11) 34... Rxb6 35. Bxb6 Rb7 36. Rb1
a3 37. Kf1 Rxb6 38. Nxa3 $16 {White is a pawn up but Black is not lost.}) 34.
Nxd6 Rxd6 35. Rb4 $18 Rc6 36. Rxa4 g5 37. h3 g4 38. hxg4 hxg4 39. fxg4 Ne5 40.
Bd4 Bxd4+ 41. Rxd4 Rc2 42. Ra1 Kg6 43. a4 Kg5 44. a5 Kxg4 45. a6 Kg3 46. Ra3+
1-0

[Event "Tata Steel-A 79th"]
[Site "Wijk aan Zee"]
[Date "2017.01.28"]
[Round "12"]
[White "Aronian, Levon"]
[Black "Van Wely, Loek"]
[Result "1-0"]
[WhiteElo "2780"]
[BlackElo "2695"]
[Annotator "Szabo,Kr"]
[PlyCount "67"]
[EventDate "2017.01.14"]
[EventType "tourn"]
[EventRounds "13"]
[EventCountry "NED"]
[EventCategory "21"]
[SourceTitle "CBM 177"]
[Source "ChessBase"]
[SourceDate "2017.03.16"]
[SourceVersion "1"]
[SourceVersionDate "2017.03.16"]
[SourceQuality "1"]

1. d4 Nf6 2. c4 g6 3. f3 Bg7 4. e4 O-O 5. Nc3 d6 6. Nge2 a6 (6... c5 {is the
most popular line.}) 7. Ng3 Nbd7 8. Be2 c6 9. O-O b5 10. Be3 Rb8 $146 {A
novelty by Van Wely.} (10... bxc4 $6 {looks dubious, as} 11. Bxc4 Rb8 12. Qe2
Qa5 13. a3 c5 14. dxc5 dxc5 15. Bf4 e5 16. Be3 Nb6 17. Ba2 $36 {Sakaev-Sepp,
Tallinn 2001, and White looks nicely placed.}) (10... e5 11. d5 (11. Qd2 {
(Zhukova-Golubev, Odessa 2006)} exd4 12. Bxd4 Nb6 $132 {with a double-edged
fight.}) 11... cxd5 12. cxd5 (12. Nxd5 $5) 12... h5 13. Nh1 h4 14. Nf2 Nh5 15.
Nd3 Ng3 $5 16. Re1 (16. hxg3 {is too dangerous,} hxg3 {followed by ...Qh4.})
16... f5 17. a4 fxe4 18. Nxe4 Nxe4 19. fxe4 $14 {Ibragimov-Kachiani Gersinska,
Fuerth 2001, and White is slightly better.}) 11. Rf2 $5 {A smart solution to
protect the b2-P.} Qc7 (11... bxc4 12. Bxc4 $14 {and White is comfortable.})
12. Rc1 b4 13. Na4 c5 14. d5 e6 15. b3 Re8 16. Qd2 exd5 17. cxd5 {This is a
Benoni structure, White has a space advantage and Black's P structure is not
flexible on the queenside. White's position is more tempting.} Nb6 (17... h5 $5
{is also a typical move.}) 18. Nxb6 Qxb6 19. Bh6 Bh8 {Usually Black wants to
hold on to the dark-squared Bs.} ({In the event of} 19... Bxh6 20. Qxh6 Bd7 21.
Bc4 $36 {and White is more comfortable.}) 20. h3 Bd7 21. Bc4 Bb5 22. Kh1 Qd8 (
22... Nd7 $5 {was the other option.}) 23. Bg5 Rb7 $6 {An inaccuracy, which
allows White's subsequent plan.} (23... Qb6 {was better to avoid the pin,} 24.
Qf4 Nd7 $13 {with a complicated position.}) 24. Qf4 $1 Qe7 25. Qh4 {White
redeploys his queen on the kingside, so he takes more pressure there.} Qe5 26.
Rd2 Bxc4 27. f4 $1 {A very strong intermediate move; the black queen is in
trouble.} Qxe4 $6 ({The engine suggests} 27... Qc3 $5 28. Rxc3 bxc3 29. Rc2 Bd3
30. Rxc3 Nxe4 31. Nxe4 Bxe4 32. Bf6 {and White is also better, but still this
was the best practical chance.}) 28. Nxe4 ({Probably} 28. bxc4 $1 {was
stronger, but in a practical game it is difficult to take the bishop instead
of the queen.} Qe7 29. Re2 Qd7 30. Bxf6 $18 {and White is a piece up.}) 28...
Nxe4 29. Re1 Bc3 $2 {The losing move!} (29... Bb5 {was the only chance, however
} 30. f5 $1 gxf5 31. g4 $16 {is also unpleasant for Black.}) 30. f5 $1 {
The strongest reply!} Bxd2 31. Bxd2 Bxd5 32. Rxe4 $1 {This is the point! After
this sacrifice, White has a mating attack on the dark squares.} Bxe4 33. Qf6
Bxg2+ 34. Kg1 $1 {A very nice victory by Aronian!} 1-0

[Event "FIDE World Cup"]
[Site "Tbilisi"]
[Date "2017.09.06"]
[Round "2.1"]
[White "Vitiugov, Nikita"]
[Black "Najer, Evgeniy"]
[Result "1/2-1/2"]
[WhiteElo "2724"]
[BlackElo "2707"]
[Annotator "Krasenkow,M"]
[PlyCount "132"]
[EventDate "2017.09.03"]
[EventType "k.o."]
[EventRounds "7"]
[EventCountry "GEO"]
[SourceTitle "CBM 181"]
[Source "ChessBase"]
[SourceDate "2017.11.10"]
[SourceVersion "1"]
[SourceVersionDate "2017.11.10"]
[SourceQuality "1"]

1. d4 Nf6 2. c4 g6 3. Nc3 Bg7 4. e4 d6 5. f3 O-O 6. Nge2 a6 7. Bg5 b5 {[%mdl
512] A curious idea. Black pushes his b-pawn without preparation, ready to
sacrifice it.} 8. Qd2 ({In the following game White accepted the challenge and
gradually parried Black's threats; however, Evgeniy Najer definitely had some
improvement in mind:} 8. cxb5 axb5 9. Nxb5 Ba6 10. Nec3 c6 11. Na3 Qb6 ({
possibly} 11... Bxf1 12. Rxf1 Nfd7 $5 {[%cal Yc6c5]}) 12. Qd2 Bxf1 13. Rxf1
Nbd7 14. Be3 Rfb8 15. Rb1 c5 16. Nc2 Qa6 17. Kf2 cxd4 18. Bxd4 Nc5 19. Rfd1 Na4
20. Nxa4 Qxa4 21. a3 Rc8 22. Nb4 Qb5 23. Rbc1 $16 {1-0 (63) Gallagher,J (2558)
-Collinson,A (2405) Birmingham 2000}) 8... Nbd7 9. Ng3 $6 {Now Black gets a
comfortable position.} (9. cxb5 axb5 10. Nxb5 Ba6 11. Nec3 c6 12. Na3 Bxf1 13.
Kxf1 {0-1 (41) Jaster,R-Gruenberg,H (2450) Cottbus 1983} (13. Rxf1 $5) 13... c5
$5) 9... c5 $1 10. d5 Qa5 $6 {Why?} (10... bxc4 $5 11. Bxc4 Rb8 $132) (10...
Ne5 $5 11. cxb5 c4) 11. cxb5 axb5 12. Nxb5 Qxd2+ 13. Bxd2 {After all, White
has won a pawn in quite a comfortable version, trading queens in the meantime.
It is not easy for Black to prove his compensation.} Ba6 14. a4 Rfb8 15. Rb1
Ne8 16. b3 Rb7 17. Kd1 h5 18. Na3 h4 (18... Ne5 19. Bxa6 Rxa6 20. Bc3 $16) 19.
Bxa6 Rxa6 20. Ne2 Ne5 21. Rf1 $2 {There was no need to prevent ...h4-h3. By
trading Black's strong e5-knight, White could have got a clear advantage:} (21.
Bc3 $1 h3 22. Bxe5 hxg2 23. Rg1 Bxe5 24. Rxg2) 21... c4 $1 $132 {[%mdl 64]} 22.
bxc4 (22. f4 Nd7 23. Nxc4 Rxa4 $1) 22... Rxb1+ 23. Nxb1 Rxa4 {[%mdl 4096]} 24.
Kc2 Rxc4+ 25. Nbc3 f5 $15 {Black has regained the pawn while keeping a
positional advantage as White's pawn structure is vulnerable. White must
defend accurately.} 26. Bf4 (26. exf5 $142 gxf5 27. Kb3) 26... Nd7 27. Kd3 Rb4
28. Be3 (28. exf5 gxf5 29. Bg5 $15) 28... Ne5+ (28... fxe4+ $1 29. Nxe4 (29.
fxe4 Nef6 {[%csl Re4][%cal Rd7e5]}) 29... Nc7 $17 {[%csl Rd5]}) 29. Kc2 Nc4 (
29... fxe4 30. fxe4 Nf6 31. Bg5 $1 $15) 30. Bc1 Kf7 31. Nf4 Nc7 32. g4 hxg3 33.
hxg3 Ne5 34. Bd2 Nc4 35. Bc1 Ne5 36. Bd2 Rc4 37. Kb3 Na6 38. Ne6 Bf6 39. Bg5
Nc5+ 40. Nxc5 Rxc5 41. Bxf6 Kxf6 42. f4 Ng4 43. Ra1 Kf7 44. Ra4 Nf6 45. exf5
gxf5 {[%csl Rd5]} 46. Rc4 (46. Rd4 Kg6 $17) 46... Ra5 47. Ra4 $1 {White goes
for a seemingly dangerous knight endgame but correctly evaluates it as drawn.}
Rxa4 48. Kxa4 Kg6 49. Kb5 Kh5 50. Kc6 Kg4 51. Ne2 Kf3 52. Nd4+ Ke4 53. Ne6 Nxd5
54. Kd7 $1 Kf3 55. Nd4+ Ke4 56. Ne6 Kd3 57. Ng5 $1 Kc3 58. Ke6 Ne3 59. Kxe7 d5
60. Ke6 d4 61. g4 $5 fxg4 62. f5 Nxf5 63. Kxf5 d3 64. Kxg4 d2 65. Ne4+ Kc2 66.
Nxd2 Kxd2 1/2-1/2